UBT Library

Drug delivery : (Record no. 47322)

000 -LEADER
fixed length control field 00898cam a22002774a 4500
001 - CONTROL NUMBER
control field 12189841
005 - DATE AND TIME OF LATEST TRANSACTION
control field 20180824080324.0
008 - FIXED-LENGTH DATA ELEMENTS--GENERAL INFORMATION
fixed length control field 000929s2001 enka b 001 0 eng c
010 ## - LIBRARY OF CONGRESS CONTROL NUMBER
LC control number 00050140
020 ## - INTERNATIONAL STANDARD BOOK NUMBER
International Standard Book Number 0195085892 (alk. paper)
035 ## - SYSTEM CONTROL NUMBER
System control number (DNLM)100966135
040 ## - CATALOGING SOURCE
Original cataloging agency DNLM/DLC
Transcribing agency DLC
Modifying agency DLC
041 ## - LANGUAGE CODE
Language code of text/sound track or separate title eng
042 ## - AUTHENTICATION CODE
Authentication code pcc
060 10 - NATIONAL LIBRARY OF MEDICINE CALL NUMBER
Classification number WB 354
Item number S179d 2001
080 ## - UNIVERSAL DECIMAL CLASSIFICATION NUMBER
Universal Decimal Classification number 615..7
082 00 - DEWEY DECIMAL CLASSIFICATION NUMBER
Classification number 615..7
Edition number 21
100 1# - Rafti
Rafti 6
101 ## - Shkurtesa
Shkurtesa FAR
245 10 - TITLE STATEMENT
Title Drug delivery :
Statement of responsibility, etc W. Mark Saltzman.
504 ## - BIBLIOGRAPHY, ETC. NOTE
Bibliography, etc Includes bibliographical references and index.
906 ## - LOCAL DATA ELEMENT F, LDF (RLIN)
a 7
b cbc
c orignew
d 1
e ocip
f 20
g y-gencatlg
942 ## - ADDED ENTRY ELEMENTS (KOHA)
Source of classification or shelving scheme
Item type Books
Holdings
Withdrawn status Lost status Source of classification or shelving scheme Damaged status Not for loan Collection code Permanent location Current location Shelving location Date acquired Total Checkouts Full call number Barcode Date last seen Price effective from Koha item type
          Koleksioni i përgjithshem UBT - Lipjan UBT - Lipjan Koleksioni i përgjithshem 08/24/2018   615..7 SAL 002-3012074 08/24/2018 08/24/2018 Books
UBT Library © 2015-2024. All rights reserved University Education for Business and Technology